|
|
|
|
| LEADER |
00000cam a2200000 7i4500 |
| 001 |
0000013037 |
| 005 |
20080107.0 |
| 008 |
080107 |
| 020 |
|
|
|a 9830461475
|
| 090 |
0 |
0 |
|a 297.5
|b HIM
|
| 245 |
1 |
0 |
|a Himpuanan isu-isu feqah terpilih
|c Penyusun Ustaz Basri Ibrahim
|
| 260 |
|
|
|a Kuala Lumpur :
|b Darul Nu'man ,
|c 1998
|
| 650 |
|
0 |
|a Islam
|x Customs and practices
|
| 650 |
|
0 |
|a Religious life
|x Islam
|
| 700 |
0 |
|
|a Ustaz Basri Ibrahim
|
| 710 |
0 |
|
|a Title
|
| 999 |
|
|
|a 0000923643
|b Book
|c Adult Collection
|e Cawangan Bukit Gambir
|
| 999 |
|
|
|a 0000936320
|b Book
|c Adult Collection
|e Cawangan Tangkak
|
| 999 |
|
|
|a 0000936322
|b Book
|c Adult Collection
|e Cawangan Tangkak
|
| 999 |
|
|
|a 0001009525
|b Book
|c Adult Collection
|e Perbadanan Perpustakaan Awam Johor
|
| 999 |
|
|
|a 0001009526
|b Book
|c Adult Collection
|e Perbadanan Perpustakaan Awam Johor
|
| 999 |
|
|
|a 0001009527
|b Book
|c Adult Collection
|e Perbadanan Perpustakaan Awam Johor
|